00489nam a2200181Ia 4500008004100000041000800041082002900049100001400078245007100092250001200163260003200175300000900207365001600216700001700232710003000249906000900279999001900288230312s9999 xx 000 0 und d aeng a620.1b620.1/BEE/031286  aBeer F.P. aVector Machanics For EngineersbStatics And Dynamics (In SI Units) a8th ed. c2008bTata McGraw-Hill Pub. a1326 cRs.b525.00 aJohnstonE.R. aBeer F.P. & Johnston E.R. b3465 c128508d128508